000 00544nam a2200217Ia 4500
008 160901s9999 xx 000 0 und d
020 _a978-971-37-0388-0
050 _aComSc TK 5105.888
050 _b.W34 2010
245 _aWeb design /
245 _cby Jemma Development Group.
260 _aManila :
260 _bJemma inc.,
260 _c2010
300 _a322 pages :
300 _bill. ;
300 _c25 cm.
440 _aVisual guide
500 _aIncludes bibliographical references.
650 _aWeb sites -- Design.
999 _c300921
_d300921